<?xml version="1.0" encoding="UTF-8"?>
<record
    xmlns:xsi="http://www.w3.org/2001/XMLSchema-instance"
    xsi:schemaLocation="http://www.loc.gov/MARC21/slim http://www.loc.gov/standards/marcxml/schema/MARC21slim.xsd"
    xmlns="http://www.loc.gov/MARC21/slim">

  <leader>02674nam a2200373 i 4500</leader>
  <controlfield tag="001">60875</controlfield>
  <controlfield tag="003">CO-BoRNBP</controlfield>
  <controlfield tag="005">20260506212517.0</controlfield>
  <controlfield tag="007">ta</controlfield>
  <controlfield tag="008">210804s2017    sp ab  er     000 0 spa d</controlfield>
  <datafield tag="020" ind1=" " ind2=" ">
    <subfield code="a">9788446043997</subfield>
  </datafield>
  <datafield tag="040" ind1=" " ind2=" ">
    <subfield code="a">CO-BoRNBP</subfield>
    <subfield code="b">spa</subfield>
    <subfield code="e">rda</subfield>
    <subfield code="c">CO-BoRNBP</subfield>
  </datafield>
  <datafield tag="041" ind1="1" ind2=" ">
    <subfield code="a">spa</subfield>
    <subfield code="h">eng</subfield>
  </datafield>
  <datafield tag="043" ind1=" " ind2=" ">
    <subfield code="a">Palestina</subfield>
  </datafield>
  <datafield tag="082" ind1="0" ind2="4">
    <subfield code="a">181.3</subfield>
    <subfield code="b">P16p</subfield>
    <subfield code="2">23</subfield>
  </datafield>
  <datafield tag="082" ind1="0" ind2="4">
    <subfield code="a">956.94</subfield>
    <subfield code="b">P16p</subfield>
    <subfield code="2">23</subfield>
  </datafield>
  <datafield tag="100" ind1="1" ind2=" ">
    <subfield code="a">Papp&#xE9;, Ilan,</subfield>
    <subfield code="d">1954- ,</subfield>
    <subfield code="e">aut</subfield>
    <subfield code="9">69676</subfield>
  </datafield>
  <datafield tag="245" ind1="1" ind2="4">
    <subfield code="a">Los palestinos olvidados :</subfield>
    <subfield code="b">historia de los palestinos de Israel /</subfield>
    <subfield code="c">Ilan Papp&#xE9; ; traducci&#xF3;n de Jaime Blasco Casti&#xF1;eyra.</subfield>
  </datafield>
  <datafield tag="250" ind1=" " ind2=" ">
    <subfield code="a">Primera edici&#xF3;n</subfield>
  </datafield>
  <datafield tag="264" ind1=" " ind2="1">
    <subfield code="a">Madrid, Espa&#xF1;a :</subfield>
    <subfield code="b">Ediciones Akal,</subfield>
    <subfield code="c">2017.</subfield>
  </datafield>
  <datafield tag="300" ind1=" " ind2=" ">
    <subfield code="a">376 p&#xE1;ginas :</subfield>
    <subfield code="b">ilustraciones, mapas ;</subfield>
    <subfield code="c">22 cm.</subfield>
  </datafield>
  <datafield tag="336" ind1=" " ind2=" ">
    <subfield code="a">texto</subfield>
    <subfield code="b">txt</subfield>
    <subfield code="2">rdacontent</subfield>
  </datafield>
  <datafield tag="337" ind1=" " ind2=" ">
    <subfield code="a">sin mediaci&#xF3;n</subfield>
    <subfield code="b">n</subfield>
    <subfield code="2">rdamedia</subfield>
  </datafield>
  <datafield tag="338" ind1=" " ind2=" ">
    <subfield code="a">volumen</subfield>
    <subfield code="b">nc</subfield>
    <subfield code="2">rdacarrier</subfield>
  </datafield>
  <datafield tag="490" ind1="0" ind2=" ">
    <subfield code="a">Reverso a Historia cr&#xED;tica</subfield>
  </datafield>
  <datafield tag="520" ind1="1" ind2=" ">
    <subfield code="a">En 1948 se fund&#xF3; el Estado de Israel. Si los ciudadanos jud&#xED;os se congratulaban de ello, los 160.000 palestinos que viv&#xED;an en la regi&#xF3;n no sab&#xED;an a qu&#xE9; atenerse, sintiendo la mirada de sospecha del gobierno israel&#xED; sobre ellos, controlados por un sistema militar que determinaba sus vidas. Muchos de ellos perdieron sus hogares bajo los buld&#xF3;ceres o a manos de inmigrantes jud&#xED;os. En este innovador libro, Ilan Papp&#xE9; narra la fascinante historia de los palestinos israel&#xED;es, de los palestinos despose&#xED;dos de la Cisjordania y la Franja de Gaza, cuyas experiencias han sido descuidadas en medio de la cobertura sin fin de ciudadanos jud&#xED;os de Israel. Con base en entrevistas y materiales de archivo, Papp&#xE9; describe c&#xF3;mo les fue a esos palestinos de 1948 bajo el dominio jud&#xED;o, desde sus primeras luchas por la ciudadan&#xED;a hasta los enfrentamientos de larga duraci&#xF3;n por la tierra y la representaci&#xF3;n de la Kn&#xE9;set. En el camino, Papp&#xE9; contempla a los palestinos en su vida cotidiana, argumentando que se han enfrentado a la discriminaci&#xF3;n, desde la provisi&#xF3;n de la educaci&#xF3;n, la vivienda y de Empleo. &#xC9;l traza la creciente confianza que tienen en s&#xED; mismos como grupo, as&#xED; como su compleja relaci&#xF3;n con sus compatriotas. En &#xFA;ltima instancia se pregunta: &#xBF;hasta qu&#xE9; punto es posible ser un ciudadano no-jud&#xED;o en un Estado jud&#xED;o. (Tomado de la fuente).</subfield>
  </datafield>
  <datafield tag="521" ind1="1" ind2=" ">
    <subfield code="a">Recomendado para un p&#xFA;blico mayor de 15 a&#xF1;os.</subfield>
  </datafield>
  <datafield tag="534" ind1=" " ind2=" ">
    <subfield code="t">The forgotten palestinians: a history of the palestinians in Israel.</subfield>
  </datafield>
  <datafield tag="650" ind1="1" ind2="7">
    <subfield code="a">Palestinos en Israel</subfield>
    <subfield code="x">Historia</subfield>
    <subfield code="2">lemb</subfield>
    <subfield code="9">69677</subfield>
  </datafield>
  <datafield tag="650" ind1="1" ind2="7">
    <subfield code="a">Conflicto &#xE1;rabe-israel&#xED;</subfield>
    <subfield code="2">lemb</subfield>
  </datafield>
  <datafield tag="651" ind1=" " ind2="4">
    <subfield code="a">Palestina</subfield>
    <subfield code="x">Historia</subfield>
    <subfield code="9">69678</subfield>
  </datafield>
  <datafield tag="700" ind1="1" ind2=" ">
    <subfield code="a">Blasco Casti&#xF1;eyra, Jaime,</subfield>
    <subfield code="e">trl</subfield>
    <subfield code="9">69679</subfield>
  </datafield>
  <datafield tag="942" ind1=" " ind2=" ">
    <subfield code="2">ddc</subfield>
    <subfield code="c">BK</subfield>
    <subfield code="n">0</subfield>
  </datafield>
  <datafield tag="999" ind1=" " ind2=" ">
    <subfield code="c">60875</subfield>
    <subfield code="d">60875</subfield>
  </datafield>
  <datafield tag="952" ind1=" " ind2=" ">
    <subfield code="0">0</subfield>
    <subfield code="1">0</subfield>
    <subfield code="2">ddc</subfield>
    <subfield code="4">0</subfield>
    <subfield code="7">0</subfield>
    <subfield code="8">GEN</subfield>
    <subfield code="a">MEMAPJGA</subfield>
    <subfield code="b">MEMAPJGA</subfield>
    <subfield code="c">GEN</subfield>
    <subfield code="d">2026-05-06</subfield>
    <subfield code="l">0</subfield>
    <subfield code="o">181.3 P16p</subfield>
    <subfield code="p">MPJG01299</subfield>
    <subfield code="r">2026-05-06 21:25:59</subfield>
    <subfield code="t">Ej.1</subfield>
    <subfield code="w">2026-05-06</subfield>
    <subfield code="y">BK</subfield>
  </datafield>
</record>
